| 000 | 00781cam a2200253 4500 | ||
|---|---|---|---|
| 001 | 6111 | ||
| 010 | _a9789896651572 | ||
| 021 | _b470569/20 | ||
| 090 | _a6111 | ||
| 100 | _a20260121d2020 c||y0pory50030103ba | ||
| 200 | 1 |
_aO Elmer _fDavid McKee _gtrad. Bernardo Marques |
|
| 205 | _a5ÂȘed | ||
| 210 | 9 |
_aLisboa _cNuvem de Letras _d2020 |
|
| 215 |
_a[32] p. _cil. _d24 cm |
||
| 606 |
_914 _aLiteratura infantil |
||
| 606 |
_913 _aLiteratura Estrangeira |
||
| 675 |
_a82-93 _vBN _zpor |
||
| 675 |
_a821.1/.8 _vBN _zpor |
||
| 700 |
_aMcKee _bDavid _f1935- _95142 |
||
| 702 |
_94757 _aMarques _bBernardo _f1899-1962 |
||
| 801 | 0 |
_aPT _bBMVN _gRPC |
|
| 830 |
_cAna Caetano _d21/01/2026 |
||
| 856 | 4 | 1 | _uhttp://rnod.bnportugal.gov.pt/ImagesBN/winlibimg.aspx?skey=&doc=2062979&img=147057&save=true |
| 990 | _cLIVROS | ||